| 000 | 00867cam a2200229 4500 | ||
|---|---|---|---|
| 001 | WB3724-23 | ||
| 008 | 000000n2001 000 0 eng u | ||
| 035 | _a(Sirsi) u113129 | ||
| 245 | _aBuilding homes in the Third World | ||
| 260 | _c2001 | ||
| 490 |
_aBuilding _v266(8188) 15 June 2001, 15(1) |
||
| 520 | _aRICS has called on government to provide housebuilders with tax breaks to encourage them to ease the world housing crisis and build houses in developing countries. RICS put forward its ideas at a meeting of the UN General Assembly in New York, which was reviewing world housing problems. | ||
| 590 | _aWB | ||
| 650 | _aABOUT RICS-RELATED ORGANISATIONS-RICS FOUNDATION | ||
| 650 | _aTHIRD WORLD | ||
| 650 | _aINTERNATIONAL | ||
| 650 | _aHOUSE BUILDERS | ||
| 650 | _aTAX BREAKS | ||
| 650 | _aUNITED NATIONS | ||
| 690 | _aHOUSING | ||
| 942 | _n0 | ||
| 999 |
_c67352 _d67352 |
||